ՀՀ Գիտությունների ազգային ակադեմիայի հիմնարար գիտական գրադարան  =   Fundamental Scientific Library of NAS RA

Птицы (Record no. 462885)

MARC details
000 -LEADER
fixed length control field 00768nam-a2200217-a-4500
001 - CONTROL NUMBER
control field YSU0144797
003 - CONTROL NUMBER IDENTIFIER
control field AM-YeHGA
005 - DATE AND TIME OF LATEST TRANSACTION
control field 20250617160937.0
008 - FIXED-LENGTH DATA ELEMENTS--GENERAL INFORMATION
fixed length control field 990317s1961 xxu 000 0 rus u
020 ## - INTERNATIONAL STANDARD BOOK NUMBER
Terms of availability 03.21
040 ## - CATALOGING SOURCE
Original cataloging agency AM-YeHGA
090 ## - LOCALLY ASSIGNED LC-TYPE CALL NUMBER (OCLC); LOCAL CALL NUMBER (RLIN)
-- 466067
245 10 - TITLE STATEMENT
Title Птицы
Number of part/section of a work Т. 2, Вып. 1, Ч. 2, Ржанкообразные :
Remainder of title Подотряд Кулики /
Statement of responsibility, etc. Е.В. Козлова ; Ред. тома А.И. Иванов
260 0# - PUBLICATION, DISTRIBUTION, ETC.
Place of publication, distribution, etc. Л.,
-- Москва :
Name of publisher, distributor, etc. АН СССР ,
Date of publication, distribution, etc. 1961.
300 ## - PHYSICAL DESCRIPTION
Extent 504 с.
440 #0 - SERIES STATEMENT/ADDED ENTRY--TITLE
Title Фауна СССР
440 #0 - SERIES STATEMENT/ADDED ENTRY--TITLE
Title Новая серия Зоологического института АН СССР
Volume/sequential designation N 80
650 #4 - SUBJECT ADDED ENTRY--TOPICAL TERM
Topical term or geographic name entry element Животные ССС
650 #4 - SUBJECT ADDED ENTRY--TOPICAL TERM
Topical term or geographic name entry element Птицы
700 1# - ADDED ENTRY--PERSONAL NAME
Personal name Иванов, А.И.
Relationship edt
Holdings
Withdrawn status Lost status Damaged status Not for loan Collection Home library Current library Date acquired Total checkouts Full call number Barcode Date last seen Price effective from Koha item type Public note Source of classification or shelving scheme Serial enumeration / chronology
        General Fundamental Scientific Library Fundamental Scientific Library 22/01/2018   PIII/7662 FL0474887 22/01/2018 22/01/2018 Գրքեր / Books 30 Days Loan    
        General Fundamental Scientific Library Fundamental Scientific Library 23/01/2018   PIII/7410 FL0474730 23/01/2018 23/01/2018 Գրքեր / Books 30 Days Loan Universal Decimal Classification Т. 2, Вып. 1, Ч. 2


ՀՀ ԳԱԱ հիմնարար գիտական գրադարան
ՀՀ,Երևան 0019
Մարշալ Բաղրամյան 24/6
հեռախոս:(374-10) 52-47-50
Հետադարձ կապ

All site content, except where otherwise noted, is licensed under a
Creative Commons License